000 00517nam a2200169Ia 4500
003 GCL
008 140319s9999 xx 000 0 ara d
040 _aGCL /
_cGCL
082 0 4 _a791.43
_bم س
100 1 _aمصطفى بيومى
245 1 0 _aالسينما فى عالم نجيب محفوظ /
_cمصطفى بيومى
260 _aالقاهرة :
_bمكتبة الاسكندرية ،
_c2002
300 _a124 ص ؛
_c24 سم
650 0 4 _aالسينما
650 0 4 _aالسينما - مصر
942 _2ddc
_cBK
999 _c5294
_d5294